Five Movies by Random Settings - U.S. States - Statistics

General Stats
  • This quiz has been taken 157 times
  • The average score is 8 of 15
Answer Stats
Description Movie % Correct
Michigan White rapper wins a rap battle 8 Mile
100%
Kid will shoot his eye out if he gets a BB gun for Christmas A Christmas Story
100%
Arizona Hot-shot race-car gets waylaid in Radiator Springs, Arizona Cars
100%
Man builds a baseball field in the corn so that Shoeless Joe Jackson will come Field of Dreams
100%
Escaped mental health patient stalks a high school girl and is very difficult to kill Halloween
100%
Teenager leads a double life as an average schoolgirl by day - and a famousrecording artist by night! Hannah Montana: The Movie
100%
Ill-prepared hippie goes into the Alaska wilderness and predictably dies Into the Wild
100%
Town is tormented by an evil spirit that takes the form of a clown It
100%
Plucky young bowler must defeat an evil older bowler Kingpin
100%
New owner of the Indians wants to lose on purpose so the team is relocated Major League
100%
Plastic girls wear pink on Wednesdays and rule their less-popular classmates Mean Girls
100%
African-American boy, with a drug-addict mother, finds guidance in a drug dealeras we see three stages of his life (won the 2017 Best Picture) Moonlight
100%
Three young women work at a Connecticut pizza restaurant Mystic Pizza
100%
Exhibits come to life after dark at the Museum of Natural History Night at the Museum
100%
Cyborg police officer battles evildoers RoboCop
100%
A Cuban immigrant becomes a successful drug lord Scarface
100%
Brash James T. Kirk tries to live up to his father's legacy Star Trek
100%
An alien orphan is sent from his dying planet, Krypton, to Earth Superman
100%
Tennessee Wealthy football fans adopt a gigantic football player The Blind Side
100%
Angsty teens from different cliques bond in Saturday detention The Breakfast Club
100%
The Caped Crusader faces his greatest foe The Dark Knight
100%
Death row felon can heal people with magic The Green Mile
100%
Giant alien robot befriends boy in small town The Iron Giant
100%
Maine Innocent man tunnels to freedom after twenty years in prison The Shawshank Redemption
100%
Colorado Writer and his wife are winter caretakers of a haunted resort in Colorado The Shining
100%
To catch a serial killer, an FBI agent needs help from a different serial killer The Silence of the Lambs
100%
Kansas Tornado transports a girl and her dog to a magical land The Wizard of Oz
100%
Life story of Johnny Cash - named after one of his famous songs Walk the Line
100%
Young man is caught between his love interest, his intellectually disabled younger brother and his obese mother What's Eating Gilbert Grape
100%
Two women have bad luck with men, commit crimes, and drive into the Grand Canyon Thelma and Louise
88%
Boy can see dead people The Sixth Sense
88%
Connecticut Annoying ghost is hired to scare off the human inhabitants of a haunted house Beetlejuice
86%
Man, stuck in bureaucratic limbo, must live in the airport The Terminal
86%
Musical gangs dance-fight in the streets of 1950s New York West Side Story
86%
California Reeses-loving alien wants to return to his home planet E.T. the Extra-Terrestrial
83%
Oregon Four young misfits set on a journey to find a legendary pirate's long-lost treasure The Goonies
83%
Old man from Okinawa teaches a boy martial arts The Karate Kid
83%
Astronauts have a problem. Houston mission controllers must fix it Apollo 13
80%
Wyoming Two western men can't quit each other or move to a more tolerant part of the country Brokeback Mountain
80%
New Hampshire Board game comes to life Jumanji
80%
Inexperienced lawyer defends his cousin and friend in his first ever trial My Cousin Vinny
80%
Man finds money in rural Texas but is hunted down by a killer with an air gun No Country for Old Men
80%
Leatherface guy uses power tools to kill a bunch of peoplewho picked up a hitchiker The Texas Chain Saw Massacre
80%
Washington Moody teenage girl is irresistible to vampires Twilight
78%
Minnesota Minnesota car dealer hires thugs to kidnap his own wife Fargo
75%
Teenagers are killed one by one by a hockey-masked killer in a summer camp Friday the 13th
75%
Muscular man and rival compete to buy a sold out Christmas toy Jingle All the Way
75%
Teenage girl gets pregnant after shenanigans with her runner boyfriend Juno
75%
Lawyer defends an AIDS patient who was illegally fired Philadelphia
75%
Drunken lawyer turns a ragtag bunch of unathletic children into hockey champions The Mighty Ducks
75%
Oklahoma Tornado scientists get too close to the action Twister
75%
New York Pampered African prince comes to the U.S. to find a bride Coming to America
71%
Massachusetts Boston-area janitor is a math genius Good Will Hunting
71%
Hockey player uses slap-shot skills to win the big golf tournament Happy Gilmore
71%
Two agents protect the Earth from marauding aliens Men in Black
71%
On a day which will live in infamy, two friends battle invading Japanese forces Pearl Harbor
71%
Four friends go to Vegas for a bachelor party. Mike Tyson's tiger gets stolen The Hangover
71%
Socially unpopular but brilliant computer programmer starts a famous website The Social Network
71%
Suburban housewives are replaced by robots The Stepford Wives
71%
People are hunted by giant worm-like creatures in the deep desert Tremors
71%
Disfigured villain kills local teenagers in their dreams A Nightmare on Elm Street
67%
Two best-friend detectives must recover stolen drugs in this Michael Bay classic Bad Boys
67%
The children of a small town have killed the adults in a bizarre ritual Children of the Corn
67%
Mississippi German bounty hunter helps a former slave to rescue his wife Django Unchained
67%
High school teacher feuds a teenage girl runs for student body president Election
67%
Hilarity ensues as a tough cop goes undercover as a kindergarten teacher Kindergarten Cop
67%
Actress and jazz pianist fall in love La La Land
67%
Four pre-teens go on a coming-of-age journey to see a dead body Stand by Me
67%
Black maids share their struggling stories to a white author to write in a book The Help
67%
Dueling magicians experiment with teleportation The Prestige
67%
Alaska To avoid the horrible fate of being deported to Canada, a boss forcesher personal assistant to marry her The Proposal
67%
Ohio Obese man must sell brake pads to save the family company Tommy Boy
67%
TV weatherman lives the same day, over and over again Groundhog Day
63%
Tough old curmudgeon shows a Hmong teenager how to fix cars and be a badass Gran Torino
60%
Texas FBI agent goes undercover at a beauty pageant Miss Congeniality
60%
Baptist minister leads three marches to Montgomery Selma
60%
Number-crunching mobster and his violent friend Nicky run agambling establishment in Vegas Casino
57%
A canoe trip goes bad when the canoers are set upon by banjo-playing inbreeds Deliverance
57%
Dunking dog wins the championship game Air Bud
56%
Architect finds true love after his son calls in to a radio show Sleepless in Seattle
56%
Robot wants to be a real boy A.I. Artificial Intelligence
50%
Linguist tries to communicate with tall octopus-like aliens Arrival
50%
North Carolina On the Carolina coast, a psychotic rapist stalks the family of his former lawyer Cape Fear
50%
Despite a vast technological disadvantage, people from the Old Westare able to defeat space aliens Cowboys & Aliens
50%
God tells a man in modern-day Virginia to build an ark Evan Almighty
50%
Missouri A woman's disappeance casts a media spotlight on her husband. Is he innocent - or not? Gone Girl
50%
Indiana Scrappy teens win the Indiana basketball championshipthanks to boring passing and defense Hoosiers
50%
Virginia Musical Native American falls in love with an English settler Pocahontas
50%
Ex-con and ex-cop live together in marital bliss. Unable to have children,they steal a quintuplet Raising Arizona
50%
Black football coach leads his team to the championship gameafter schools are desegregated Remember the Titans
50%
Pennsylvania Everyday thug gets a shot to fight the champ Rocky
50%
Extremely undersized player gets to play for Notre Dame's football team Rudy
50%
Iowa Sexy old National Geographic photographer has a brief affair with an Iowa housewife The Bridges of Madison County
50%
Two teenagers with cancer fall in love and take a vacation to Amsterdam The Fault in Our Stars
50%
Vietnam War veteran uses a machine gun to destroy parts of a small town First Blood
44%
Hawaii Ukelele-playing man is in love with an amnesiac 50 First Dates
43%
Young music–loving getaway driver is coerced into a failed heist Baby Driver
43%
Georgia Southern belle is ruined by the Civil War and left by her frank husband Gone with the Wind
43%
Ohana means family, and family means adopting a killer space alien Lilo & Stitch
43%
Nevada One man and his ten closest associates plan an elaborate casino heist Ocean's Eight
43%
Girl group wins a collegiate a cappella competition Pitch Perfect
43%
U.S. Marshal starts to doubt his sanity when he is sent to investigate amissing patient at an insane asylum Shutter Island
43%
Frustrated son tries to distinguish fact from fiction in his dying father's life Big Fish
40%
It's the roaring 20s, and two sultry singers are in jail for murdering their mates Chicago
40%
Literature professor embarks on a sexual relationship with a 14 year old girl Lolita
40%
In wintry Wyoming, suspicious Tarantino characters find shelter in a cabin The Hateful Eight
40%
Alabama Lawyer defends a falsely accused man in Jim Crow Alabama To Kill a Mockingbird
40%
Aging Old West gunfighter must kill two cowboys who disfigured a prostitute Unforgiven
40%
Rule #1 for zombie avoidance: cardio Zombieland
40%
Florida A detective must find the Miami Dolphins' missing mascot Ace Ventura: Pet Detective
33%
African-American detective tries to infiltrate his town's chapter of KKK BlacKkKlansman
33%
After killing a bear to seek revenge, boy gets transformed into one Brother Bear
33%
Private investigator is caught in a tangled web of incest and water politicsin 1920s Los Angeles Chinatown
33%
Egg-eating man fails to communicate or follow rules and isultimately ground down by the system Cool Hand Luke
33%
Maryland Plus-sized teenage television personality fights for racial equality in Baltimore Hairspray
33%
Criminals of the future send people back in time for assassination Looper
33%
After crashing his car in the mountains, a famous author is nursedback to health by his "#1 fan" Misery
33%
Father and son hit the road from Montana to claim a million-dollar sweepstakes prize in Nebraska Nebraska
33%
Man of constant sorrow escapes the chain gang and has amusical odyssey through the American South O Brother, Where Art Thou?
33%
Two middle age losers travel to wine country - but refuse to drink Merlot Sideways
33%
Amateur filmmakers go into the woods to find a witch - all that survivedwas this videotape The Blair Witch Project
33%
Plane crash survivors must fight a pack of hungry wolves The Grey
33%
Mute janitor falls in love with a South American creature in her workplace The Shape of Water
33%
rack addict was once a talented boxer who knocked down Sugar Ray Leonard The Fighter
29%
Battleship is taken hostage by mercenaries, but little do they know thatthe ship's cook is a former Navy SEAL Under Siege
29%
Fly fishing brothers grow up in Montana - one is rebellious, one is not A River Runs Through It
25%
Veteran minor league catcher mentors rookie pitcher for life in the big leagues Bull Durham
25%
Confederate deserter returns to the hills of North Carolina but must face evil Home Guards Cold Mountain
25%
New Jersey A Korean-American and an Indian-American want some burgers Harold & Kumar Go toWhite Castle
25%
Giant killer saltwater crocodile is somehow living in a lake Lake Placid
25%
Montana Three brothers grow up in rural Montana and volunteer for World War One Legends of the Fall
25%
Future crimes are predicted and prevented Minority Report
25%
Dockworker coulda been a contenda but is now a bum - thanks to organized crime On the Waterfront
25%
Two mentally ill people fall in love while practicing for a dance competition Silver Linings Playbook
25%
Rural horse man heals a horse and almost destroys a marriage The Horse Whisperer
25%
Two lighthouse keepers go insane on an isolated island in Maine The Lighthouse
25%
In the aftermath of the horrific events at the Overlook Hotel, Ewan McGregormust protect a girl with a powerful shining, from the True Knot cult Doctor Sleep
20%
Three girls become a Motown sensation Dreamgirls
20%
Powerful Teamsters leader gets involved with the mob Hoffa
20%
Old couple on their summer vacation, agree to care for the son of their daughter's new boyfriend On Golden Pond
20%
NASCAR driver is challenged by an effete Frenchman Talladega Nights
20%
Illinois Two headbangers have a public access TV show that is purchased by an evil corporation Wayne's World
20%
Psychiatric patient follows his therapist on vacation and drives him insane What About Bob?
20%
Fraternity brothers battle an evil dean who doesn't like their toga parties and bad grades Animal House
17%
Writer travels to Kansas with his partner to research a murder case for his new book Capote
17%
Movie adaptation of the book the above wrote during his travel In Cold Blood
17%
Asylum patients are mistreated by a mean nurse One Flew Over the Cuckoo's Nest
17%
17-year-old girl is the only one hearing in her fishing family CODA
14%
Seemingly perfect couple's marriage begins to crumble when the wife's pregnancy compels them to abandon their plan of moving to Paris Revolutionary Road
14%
Man must decide what to do with his family's vast Hawaiian land holdings The Descendants
14%
Single father who raises his children in the wilderness, must go to thefuneral of his dead wife Captain Fantastic
11%
Louisiana Free black man is promised a fortnightly job, but is instead sold into slavery 12 Years a Slave
0%
An Old West rancher must escort an outlaw to a train station in the desert 3:10 to Yuma
0%
Nebraska Retired widower travels by RV to stop the marriage of his daughter About Schmidt
0%
Group of mercenaries venture into a Las Vegas full of zombies to pull off a heist Army of the Dead
0%
Disturbed girl moves in with her sister and her brutish brother-in-law torments her A Streetcar Named Desire
0%
One August in Oklahoma, three daughters return to their childhood home -and to their cantakerous mother August: Osage County
0%
Young transgender man falls in love with a single mother Boys Don't Cry
0%
Cycling-obsessed teen is vies for the affections of a college girl Breaking Away
0%
Legendary leaders of a band of outlaws pull off train robberies Butch Cassidy and the Sundance Kid
0%
Old baseball scout gets a chance to reconnect with his daughter Trouble with the Curve
0%
Security system expert uses all his knowledge and skills to escape a high-tech prison, with a little help from inside Escape Plan
0%
Teenage girl sets out to tame a mustang to prove herself to her father Flicka
0%
Single mother and her children move to a small town in Oklahoma and soonfind out that they are connected to a paranormal exterminator Ghostbusters: Afterlife
0%
Perpetual sunlight in Alaska complicates a murder investigation Insomnia
0%
African-American detective faces racism while trying to solve the murder of a businessman In the Heat of the Night
0%
Prison guard is smitten by a newly widowed black woman, whom he knew Monster's Ball
0%
Woman is endured a range of abuse while working as a miner filed North Country
0%
A tough bouncer is hired to tame a dirty bar Road House
0%
For five years, a young boy lives his whole life in one small room Room
0%
Woman has left three men on the altar - will she find true love? Runaway Bride
0%
Whistleblower tells reporters about unsafe labor practices at a nuclear plant Silkwood
0%
Group of women bond over beauty parlors Steel Magnolias
0%
Missouri boy helps a runaway slave try to reach freedom The Adventures ofHuckleberry Finn
0%
British women go on an expedition to a crawler-infested cave The Descent
0%
Five friends travel to a cabin in the woods, where they unknowingly release flesh-possessing demons The Evil Dead
0%
Hot shot lawyer is hired into a Memphis law firm that represents the mob The Firm
0%
Stubborn man has the guts to reveal damning information about tobacco industry The Insider
0%
Charismatic rancher torments his brother's new wife and her son The Power of the Dog
0%
Young waitress turns into a frog after kissing one The Princess and the Frog
0%
Only a local neighborhood watch group can defend the planet from alien invasion The Watch
0%
Mother personally challenges the local authorities to solve her daughter's murder
when they fail to catch the culprit
Three Billboards OutsideEbbing, Missouri
0%
Lawman wants to retire and relax in a small Arizona town, but the outlaws won't just let him Tombstone
0%
Two men don false identities to attend weddings and pick up women Wedding Crashers
0%
After threatened of losing their home, Jennifer Lawrence is determined to find her estranged father who must appear in court Winter's Bone
0%
No matching quizzes found
Score Distribution
Percent of People with Each Score
Percentile by Number Answered
Your Score History
You have not taken this quiz